Quiz sur le football N°2 - Statistiques

Statistiques générales
  • Ce quiz a été pris 2 124 fois
    2 123 depuis la dernière actualisation
  • Le résultat moyen est 10 sur 15
Statistiques - réponses
Question Réponse % Correct
Quel est le joueur de football avec le plus d'abonnés sur Instagram ? Cristiano Ronaldo
90%
Quel pays a remporté la première coupe du monde de football ? Uruguay
89%
Parmi ces clubs, lequel n'a JAMAIS remporté la Ligue des Champions sur le format actuel, qui date de l'année 1993 ? Atletico Madrid
84%
Parmi ces pays, lequel n'a JAMAIS remporté une coupe du monde de football masculine ? Pays-Bas
83%
Quel est le club le plus titré de la Süper Lig ? Galatasaray
82%
Quel est le nom du stade de l'Atletico Madrid ? Wanda Metropolitano
72%
Quel stade est surnommé le Chaudron ? Geoffroy-Guichard
70%
Quelle est la nationalité sportive de Thiago Motta ? italienne
70%
Dans quel club Carlos Tevez a disputé son premier match en professionnel ? Boca Juniors
64%
Le Real Madrid a remporté la première Ligue des Champions, mais quel était le club finaliste ? Le Stade de Reims
64%
Dans quelle ville se situe le club de Everton ? Liverpool
63%
Quel est le club ayant remporté le plus de Major Soccer League ? Les Los Angeles Galaxy
59%
Quel club a échoué le plus de fois en finale de la Ligue des Champions ? La Juventus Turin
54%
Quel est le meilleur buteur de l'histoire du Paris Saint Germain ? Edinson Cavani
38%
Quel est le joueur le plus jeune parmi ces 4 joueurs ? Rodrygo
38%
Aucun quiz correspondant
Distribution des résultats
% des personnes avec chaque résultat
Percentile par nombre de réponses
Votre historique - résultats
Vous n’avez pas pris ce quiz depuis la dernière actualisation